000 00544nam a2200193Ia 4500
001 7548
003 GE_BSU
008 181216s||||||||xx |||||||||||||| ||und||
040 _cGE_BSU
245 _aГосударство и право. №6 2013.
245 _cгл.ред.А.С.Автономов. и др.
260 _aМосква.
260 _bНАУКА.
260 _c2013.Июнь.
300 _a128ст.28см.
653 _aГосударство и право. №6 2013.
653 _aპერიოდიკა
942 _cCR
999 _c40904
_d40904